Historia de las creencias y de las ideas religiosas / (Record no. 17508)

MARC details
000 -LEADER
campo de control de longitud fija 00848nam a2200217 i 4500
001 - NÚMERO DE CONTROL
campo de control 17508
003 - IDENTIFICADOR DE NÚMERO DE CONTROL
campo de control ES-MaACL
007 - CAMPO FIJO DE DESCRIPCIÓN FÍSICA--INFORMACIÓN GENERAL
campo de control de longitud fija t|
008 - DATOS DE LONGITUD FIJA--INFORMACIÓN GENERAL
campo de control de longitud fija 010322m19781983sp ||||1| spa d
020 ## - NÚMERO INTERNACIONAL ESTÁNDAR DEL LIBRO
Número Internacional Estándar del Libro 84-7057-229-6
080 ## - NÚMERO DE LA CLASIFICACIÓN DECIMAL UNIVERSAL
Número de la Clasificación Decimal Universal 291(091)
100 1# - ENTRADA PRINCIPAL--NOMBRE DE PERSONA
Nombre de persona Eliade, Mircea.
9 (RLIN) 46955
245 10 - MENCIÓN DEL TÍTULO
Título Historia de las creencias y de las ideas religiosas /
Mención de responsabilidad, etc. Mircea Eliade.
260 ## - PUBLICACIÓN, DISTRIBUCIÓN, ETC.
Lugar de publicación, distribución, etc. Madrid :
Nombre del editor, distribuidor, etc. Cristiandad,
Fecha de publicación, distribución, etc. 1978-1983.
300 ## - DESCRIPCIÓN FÍSICA
Extensión 4 v. ;
Dimensiones 22 cm.
500 ## - NOTA GENERAL
Nota general El tomo 3.2 no se llegó a publicar por fallecimiento del autor.
505 8# - NOTA DE CONTENIDO CON FORMATO
Nota de contenido con formato Contiene: 1. De la prehistoria a los misterios de Eleusis -- 2. De Gautama Buda al triunfo del cristianismo -- 3.1. De Mahoma al comienzo de la modernidad -- 4. Las religiones en sus textos
650 14 - PUNTO DE ACCESO ADICIONAL DE MATERIA--TÉRMINO DE MATERIA
Término de materia o nombre geográfico como elemento de entrada Religiones-
Subdivisión general Historia
9 (RLIN) 16823
852 ## - LOCALIZACIÓN
Ubicación ES-MaACL
Número de control de estantería G-1246-49
Sublocalización o colección R.100188
Holdings
Estatus retirado Estado de pérdida Estado de daño No para préstamo Biblioteca de origen Biblioteca actual Ubicación en estantería Fecha de adquisición Fuente de adquisición Total de préstamos Signatura topográfica completa Código de barras Visto por última vez Precio de reemplazo Tipo de ítem Koha
        Biblioteca del Ateneo de Madrid Biblioteca del Ateneo de Madrid Depósito 2 17/01/2008     G-1246-49 1017862 23/02/2023 23/02/2023 Libro impreso